[Event "EU-ch 6th"]
[Site "Warsaw"]
[Date "2005.06.26"]
[Round "8"]
[White "Kachur, Alexander"]
[Black "Czarnota, Pawel"]
[Result "0-1"]
[WhiteElo "2281"]
[BlackElo "2478"]
[PlyCount "70"]
[EventDate "2005.06.18"]
[EventType "swiss"]
[EventRounds "13"]
[EventCountry "POL"]
[SourceTitle "CBM 108"]
[Source "ChessBase"]
[SourceDate "2005.09.26"]
[SourceVersion "1"]
[SourceVersionDate "2005.09.26"]
[SourceQuality "1"]

1. d4 Nf6 2. c4 g6 3. Nc3 Bg7 4. e4 d6 5. f3 0-0 6. Be3 a6 7. Nge2 Nfd7 8. Qd2 c5 9. Rd1 Nc6 10. d5 Nce5 11. Nc1 b5 12. cxb5 Qa5 13. Nb3 Qb4 14. b6 Nxb6 15. Nb1 a5 16. Na3 Ba6 17. Bxa6 Rxa6 18. Nc2 Nd3+ 19. Ke2 Qxd2+ 20. Nxd2 Nxb2 21. Rc1 N6a4 22. Nb1 Nc4 23. Bg5 Rb8 24. Bxe7 Bh6 25. Nca3 Bxc1 26. Rxc1 Rb2+ 27. Kf1 Ne3+ 28. Kg1 h6 29. Nc3 Rxg2+ 30. Kh1 Nxc3 31. Rxc3 Re2 32. Rxe3 Rxe3 33. Nc4 Rxf3 34. Kg2 Rc3 35. Nxd6 Rb6 0-1

[Event "EU-ch 6th"]
[Site "Warsaw"]
[Date "2005.06.18"]
[Round "1"]
[White "Kurnosov, Igor"]
[Black "Kachur, Alexander"]
[Result "1-0"]
[WhiteElo "2550"]
[BlackElo "2281"]
[PlyCount "73"]
[EventDate "2005.06.18"]
[EventType "swiss"]
[EventRounds "13"]
[EventCountry "POL"]
[SourceTitle "CBM 108"]
[Source "ChessBase"]
[SourceDate "2005.09.26"]
[SourceVersion "1"]
[SourceVersionDate "2005.09.26"]
[SourceQuality "1"]

1. e4 c5 2. Nf3 e6 3. d4 cxd4 4. Nxd4 a6 5. Bd3 Nf6 6. 0-0 Qc7 7. Qe2 d6 8. c4 g6 9. Nc3 Bg7 10. Rd1 0-0 11. Nf3 Nc6 12. Bf4 e5 13. Be3 Bg4 14. Bc2 Rab8 15. Bb3 Na5 16. Rac1 Nxb3 17. axb3 Rfd8 18. Bg5 Be6 19. Nd2 h6 20. Nd5 Bxd5 21. cxd5 Qd7 22. Be3 Rbc8 23. Nc4 Qb5 24. Qd3 Bf8 25. Rc3 Nd7 26. Qc2 Nc5 27. Rc1 a5 28. Nxd6 Bxd6 29. Bxc5 Bb8 30. Be3 Rxc3 31. bxc3 h5 32. c4 Qb4 33. c5 Rf8 34. h3 f5 35. exf5 gxf5 36. c6 Bd6 37. c7 1-0

[Event "Polanica Zdroj op"]
[Site "Polanica Zdroj"]
[Date "1999.08.18"]
[Round "2"]
[White "Grabarczyk, Miroslaw"]
[Black "Kachur, Alexander"]
[Result "1-0"]
[WhiteElo "2484"]
[BlackElo "2292"]
[PlyCount "71"]
[EventDate "1999.08.17"]
[EventType "swiss"]
[EventRounds "10"]
[EventCountry "POL"]
[SourceTitle "EXT 2000"]
[Source "ChessBase"]
[SourceDate "1999.11.16"]
[SourceVersion "1"]
[SourceVersionDate "1999.11.16"]
[SourceQuality "1"]

1. d4 d5 2. c4 dxc4 3. Nf3 a6 4. e3 e6 5. a4 Nf6 6. Bxc4 c5 7. 0-0 Nc6 8. Qe2 cxd4 9. Rd1 Be7 10. exd4 0-0 11. Nc3 Nd5 12. Bd2 b6 13. Rac1 Ncb4 14. Ne5 Bb7 15. Bb3 Rc8 16. Nxd5 Nxd5 17. Rxc8 Qxc8 18. Rc1 Qd8 19. Nc6 Bxc6 20. Rxc6 Nb4 21. Rc4 a5 22. Qe5 Bd6 23. Qe4 Qb8 24. h4 b5 25. Rc3 bxa4 26. Bxa4 Rd8 27. h5 Nd5 28. Rb3 Qa7 29. h6 g6 30. Rb5 Nb4 31. Rb7 Qa8 32. Qf3 f5 33. Bd7 Kh8 34. Bxe6 Nd3 35. Bg5 Rf8 36. Rf7 1-0

[Event "Krakow op-A"]
[Site "Krakow"]
[Date "1999.??.??"]
[Round "?"]
[White "Helaszek, Edward"]
[Black "Kachur, Alexander"]
[Result "0-1"]
[WhiteElo "2209"]
[BlackElo "2320"]
[PlyCount "79"]
[EventDate "1999.??.??"]
[EventType "swiss"]
[EventRounds "11"]
[EventCountry "POL"]
[SourceTitle "EXT 2002"]
[Source "ChessBase"]
[SourceDate "2001.11.25"]
[SourceVersion "1"]
[SourceVersionDate "2001.11.25"]
[SourceQuality "1"]

1. e4 c5 2. Nf3 d6 3. d4 cxd4 4. Nxd4 Nf6 5. Nc3 Nc6 6. Be2 g6 7. 0-0 Bg7 8. Nb3 0-0 9. Re1 Be6 10. Bf1 a5 11. a4 Rc8 12. Nd5 Bxd5 13. exd5 Nb4 14. c4 Nd7 15. f4 Re8 16. Kh1 Nb6 17. Nd2 Qd7 18. Ra3 e6 19. dxe6 Rxe6 20. Rxe6 Qxe6 21. b3 Qf5 22. Nf3 d5 23. Be3 Bb2 24. Bxb6 Bxa3 25. Bd4 Qxf4 26. Qe2 Nc6 27. Be3 Qe4 28. Ng5 Qf5 29. g4 Qd7 30. cxd5 Qxd5+ 31. Bg2 Qxb3 32. Ne4 Be7 33. g5 Ne5 34. h4 Qxa4 35. Bf4 Qd4 36. Be3 Qd3 37. Qe1 Rc2 38. Qg3 Rxg2 39. Kxg2 Qxe4+ 40. Kg1 0-1

[Event "Krynica op-A"]
[Site "Krynica"]
[Date "1998.??.??"]
[Round "?"]
[White "Bartel, Mateusz"]
[Black "Kachur, Alexander"]
[Result "0-1"]
[WhiteElo "2170"]
[BlackElo "2355"]
[PlyCount "50"]
[EventDate "1998.??.??"]
[EventType "swiss"]
[EventRounds "11"]
[EventCountry "POL"]
[SourceTitle "EXT 2002"]
[Source "ChessBase"]
[SourceDate "2001.11.25"]
[SourceVersion "1"]
[SourceVersionDate "2001.11.25"]
[SourceQuality "1"]

1. e4 c5 2. Nf3 d6 3. d4 cxd4 4. Nxd4 Nf6 5. Nc3 Nc6 6. Be3 Ng4 7. Bb5 Nxe3 8. fxe3 Bd7 9. Bxc6 bxc6 10. 0-0 e5 11. Qf3 f6 12. Nf5 g6 13. Nh4 Bg7 14. Rad1 Qe7 15. Qe2 Be6 16. Qa6 Rc8 17. Nf5 gxf5 18. exf5 Bd7 19. Qxa7 d5 20. Na4 0-0 21. Nb6 Rcd8 22. c4 Bh6 23. Rd3 Qc5 24. b4 Bxe3+ 25. Kh1 Qxb6 0-1

[Event "Krakow op-A"]
[Site "Krakow"]
[Date "1998.??.??"]
[Round "?"]
[White "Kachur, Alexander"]
[Black "Dobrowolski, Aleksander"]
[Result "0-1"]
[WhiteElo "2355"]
[BlackElo "2095"]
[PlyCount "84"]
[EventDate "1998.??.??"]
[EventType "swiss"]
[EventRounds "9"]
[EventCountry "POL"]
[SourceTitle "EXT 2002"]
[Source "ChessBase"]
[SourceDate "2001.11.25"]
[SourceVersion "1"]
[SourceVersionDate "2001.11.25"]
[SourceQuality "1"]

1. d4 Nf6 2. c4 g6 3. Nc3 Bg7 4. e4 d6 5. h3 0-0 6. Bg5 h6 7. Be3 e5 8. d5 a5 9. Bd3 Na6 10. Nge2 Nd7 11. Qd2 Ndc5 12. Bb1 Kh7 13. g4 Qh4 14. Ng3 Bf6 15. Nce2 a4 16. Bc2 Bg5 17. Rd1 Bd7 18. Nc3 Bxe3 19. Qxe3 Nb4 20. Bb1 a3 21. Rd2 axb2 22. Rxb2 Nba6 23. Kf1 b6 24. Bc2 Nb7 25. Kg2 Nac5 26. Nce2 Ra7 27. f4 exf4 28. Qxf4 Qe7 29. Nd4 Qe5 30. Qe3 Rfa8 31. Bb3 Ra3 32. Rf2 Be8 33. h4 Na5 34. h5 g5 35. Rhf1 Nxc4 36. Rxf7+ Bxf7 37. Rxf7+ Kg8 38. Qf3 Nd2 39. Qf2 Ndxb3 40. Ndf5 Rxa2 41. Nxh6+ Kh8 42. Rf8+ Rxf8 0-1

[Event "Krynica op-A"]
[Site "Krynica"]
[Date "1998.??.??"]
[Round "?"]
[White "Kachur, Alexander"]
[Black "Oliwa, Patryk"]
[Result "1-0"]
[WhiteElo "2355"]
[BlackElo "2275"]
[PlyCount "89"]
[EventDate "1998.??.??"]
[EventType "swiss"]
[EventRounds "11"]
[EventCountry "POL"]
[SourceTitle "EXT 2002"]
[Source "ChessBase"]
[SourceDate "2001.11.25"]
[SourceVersion "1"]
[SourceVersionDate "2001.11.25"]
[SourceQuality "1"]

1. d4 d5 2. c4 c6 3. Nf3 Nf6 4. Nc3 a6 5. a4 e6 6. Bg5 Bb4 7. Qb3 a5 8. e3 Nbd7 9. Bd3 h6 10. Bh4 g5 11. Bg3 Qe7 12. 0-0 h5 13. Nxg5 h4 14. Bf4 Rg8 15. Nf3 Nh5 16. Kh1 dxc4 17. Bxc4 Nxf4 18. exf4 Qf6 19. g3 hxg3 20. fxg3 Nb6 21. Ne5 Nxc4 22. Qxc4 Bd7 23. Ne4 Qf5 24. Rae1 0-0-0 25. Qxb4 axb4 26. Nd6+ Kc7 27. Nxf5 exf5 28. Nxf7 Rde8 29. Rxe8 Rxe8 30. Ne5 Be6 31. h3 Ra8 32. g4 Rxa4 33. g5 b3 34. Rd1 Ra2 35. Rd2 Ra1+ 36. Kh2 Bd5 37. g6 Rc1 38. Kg3 Rc2 39. Rf2 b6 40. h4 c5 41. dxc5 bxc5 42. h5 c4 43. h6 c3 44. Nd3 Bc4 45. h7 1-0

[Event "Krynica op-A"]
[Site "Krynica"]
[Date "1998.??.??"]
[Round "?"]
[White "Kachur, Alexander"]
[Black "Ostrowski, Leszek"]
[Result "1/2-1/2"]
[WhiteElo "2355"]
[BlackElo "2350"]
[PlyCount "137"]
[EventDate "1998.??.??"]
[EventType "swiss"]
[EventRounds "11"]
[EventCountry "POL"]
[SourceTitle "EXT 2002"]
[Source "ChessBase"]
[SourceDate "2001.11.25"]
[SourceVersion "1"]
[SourceVersionDate "2001.11.25"]
[SourceQuality "1"]

1. d4 Nf6 2. c4 e6 3. Nf3 d5 4. Nc3 Be7 5. Bf4 0-0 6. e3 c5 7. dxc5 Bxc5 8. Be2 Nc6 9. 0-0 a6 10. Rc1 Be7 11. cxd5 exd5 12. Ne5 Nxe5 13. Bxe5 Be6 14. Qd4 Rc8 15. Rfd1 Qa5 16. Qa7 Qb4 17. a3 Bc5 18. axb4 Bxa7 19. b5 axb5 20. Nxb5 Bb6 21. Nd6 Rb8 22. Bf3 Rfd8 23. Kf1 Kf8 24. Nb5 Ra8 25. Bd6+ Kg8 26. Be7 Rd7 27. Bc5 Bd8 28. h3 h6 29. Ba3 Bb6 30. Nd4 Ra5 31. Rc8+ Kh7 32. Rc3 Ra4 33. Rb3 Bxd4 34. exd4 Bf5 35. Be2 Bc2 36. Bd3+ Bxd3+ 37. Rdxd3 Rc4 38. f3 Nh5 39. Rd2 Nf4 40. Kf2 Ne6 41. Ke3 f5 42. g3 f4+ 43. gxf4 Kg6 44. Rb6 Kf5 45. Bd6 Rc6 46. Rxc6 bxc6 47. Be5 Rb7 48. Rc2 Rb3+ 49. Rc3 Rxb2 50. Rxc6 Nxf4 51. Bxf4 Rb3+ 52. Ke2 Kxf4 53. Rg6 Re3+ 54. Kf2 Rxf3+ 55. Kg2 Rd3 56. Rg4+ Ke3 57. Rxg7 Rxd4 58. Rh7 Rh4 59. Kg3 Rh5 60. h4 d4 61. Kg4 Re5 62. Rxh6 d3 63. Ra6 d2 64. Ra1 Kd3 65. Rd1 Re1 66. Rxd2+ Kxd2 67. h5 Ke3 68. h6 Ke4 69. Kg5 1/2-1/2